|
|
|
|
| LEADER |
00695nam a2200193 a 4500 |
| 001 |
c000232242 |
| 003 |
CARM |
| 005 |
20070411093741.0 |
| 008 |
900918s1970 nyu 000 1 eng d |
| 019 |
1 |
|
|a 41548501
|5 LACONCORD2021
|
| 035 |
|
|
|a (OCoLC)225418946
|5 LACONCORD2021
|
| 040 |
|
|
|a VCAV
|b eng
|c VCAV
|
| 100 |
1 |
|
|a Smith, Martin Cruz,
|d 1942-
|
| 245 |
1 |
4 |
|a The Indians won /
|c Martin Cruz Smith.
|
| 260 |
|
|
|a New York :
|b Belmont Books,
|c 1970.
|
| 300 |
|
|
|a 224 p.
|
| 852 |
8 |
|
|b CARM
|h A1:AP27A0
|i A04210
|p 0319982
|f BK
|
| 999 |
f |
f |
|i 853a1227-e9a1-5205-9e47-2982f2d2e905
|s f11be847-3426-5720-b355-2bba107e0e53
|
| 952 |
f |
f |
|p Can circulate
|a CAVAL
|b CAVAL
|c CAVAL
|d CARM 1 Store
|e A04210
|f A1:AP27A0
|h Other scheme
|i book
|m 0319982
|